000 00397nam a2200169Ia 4500
008 210210b1949 xxu||||| |||| 00| 0 eng d
041 _aeng
082 _a828/649
100 _aTREVELYAN (G M)
245 _aGrey of Fallodon
260 _aLondon
_bLongmans Green and Company Limited
_c1949
650 _aof
650 _aGrey
650 _aFallodon
690 _aBiography
906 _a016495
999 _c136029
_d136029